Quizzes
Events
Quiz Creation
Community
Videos
Private Events
Remove Ads
Sign In
Join for FREE
Feedback
Dark Mode
Quiz Categories
Sports
Geography
Music
Movies
Television
Just For Fun
Miscellaneous
History
Literature
Language
Science
Gaming
Entertainment
Religion
Holiday
For Kids
Quiz Lab
Recent
Popular Today
Quiz Kudos Today
Editor Picks
Curator Picks
Quizzes by...
Day
Popularity
Type
Ratings
Length
Year
Community
Subscriptions
Recent Discussions
Orange Saloon
Badges
Playlists
Quests
Create
Leaderboards
Showdown
Live 5
Trivia Bingo
Activity
Puzzle Library
Sporcle Events
Private Events
Virtual Trivia
Globe League
Become a Host
Pub Owners
SporcleCon
Opinionation
Our Games
Videos
Blog
Mobile Apps
Partnerships
Remove Ads and Go Orange
Feedback
Music
Pop Music
The Beatles
Song
Album
Lyrics
Bands
Singers
Artist
Clip
Rock
Rap
Classical
Billboard
Country Music
Kpop
Taylor Swift
Music
Pop Music
The Beatles
Song
Album
Lyrics
Bands
Singers
Artist
Clip
Rock
Rap
Classical
Billboard
Country Music
Kpop
Taylor Swift
Random Quiz
Search Sporcle
×
Quiz Lab
Quiz Lab
Music
diamond
Type in answers that appear in a list
Type in answers that appear in a list
Classic
Best Score? Go Orange.
Teen Idle Lyrics Stats
Can you name the lyrics to Teen Idle by Marina and The Diamonds?
By
cdoo5400
10m
300 Questions
1,683 Plays
1,683 Plays
1,683 Plays
Comments
Comments
Give Quiz Kudos
Give Quiz Kudos
-
- Ratings
hide this ad
Replay
Link that replays current quiz
Next Quiz
Link to next quiz in quiz playlist
You Got
0%
They Got
Avg Score
90%
Avg Friend Score
Upgrade to see
Score Distribution
Jump to the score distribution portion of the page
Score
0/300
Timer
10:00
0
Plays Today
Answer
% Correct
be
99.2%
be
99.2%
be
99.2%
be
99.2%
a
98.5%
the
98.5%
and
98.5%
a
98.5%
a
98.5%
a
98.5%
the
98.5%
and
98.5%
a
98.5%
the
98.5%
the
98.5%
the
98.5%
the
98.5%
and
98.5%
the
98.5%
a
98.5%
a
98.5%
a
98.5%
and
98.5%
a
98.5%
a
98.5%
the
98.5%
and
98.5%
a
98.5%
the
98.5%
the
98.5%
the
98.5%
the
98.5%
and
98.5%
the
98.5%
a
98.5%
the
98.5%
a
98.5%
the
98.5%
a
98.5%
a
98.5%
a
98.5%
the
98.5%
and
98.5%
a
98.5%
wanna
97.9%
wanna
97.9%
wanna
97.9%
wanna
97.9%
wanna
97.9%
wanna
97.9%
wanna
97.9%
I'd
97.7%
I'd
97.7%
I'd
97.7%
I'd
97.7%
I'd
97.7%
I'd
97.7%
I'd
97.7%
I'd
97.7%
teen
97.5%
teen
97.5%
teen
97.5%
teen
97.5%
teen
97.5%
teen
97.5%
an
97.1%
idle
96.8%
idle
96.8%
idle
96.8%
idle
96.8%
feel
96.7%
feel
96.7%
wish
96.4%
wish
96.4%
wish
96.4%
wish
96.4%
wish
96.4%
wish
96.4%
wish
96.4%
wish
96.4%
wish
96.4%
wish
96.4%
wish
96.4%
been
95.3%
been
95.3%
been
95.3%
been
95.3%
been
95.3%
been
95.3%
been
95.3%
been
95.3%
been
95.3%
queen
95.2%
queen
95.2%
queen
95.2%
super
94.9%
super
94.9%
super
94.9%
super
94.9%
super
94.9%
Answer
% Correct
super
94.9%
prom
94.9%
prom
94.9%
prom
94.9%
for
94.8%
for
94.8%
for
94.8%
to
94.5%
to
94.5%
to
94.5%
to
94.5%
feeling
94.4%
feeling
94.4%
title
94.3%
bible
94.3%
title
94.3%
bible
94.3%
title
94.3%
bible
94.3%
fighting
94.2%
fighting
94.2%
fighting
94.2%
want
94.2%
want
94.2%
want
94.2%
want
94.2%
up
94.1%
up
94.1%
up
94.1%
I
93.9%
I
93.9%
I
93.9%
I
93.9%
I
93.9%
I
93.9%
I
93.9%
I
93.9%
I
93.9%
I
93.9%
I
93.9%
I
93.9%
I
93.9%
I
93.9%
I
93.9%
I
93.9%
I
93.9%
I
93.9%
I
93.9%
I
93.9%
I
93.9%
I
93.9%
I
93.9%
I
93.9%
I
93.9%
I
93.9%
I
93.9%
I
93.9%
sixteen
93.8%
sixteen
93.8%
sixteen
93.8%
of
93.7%
of
93.7%
of
93.7%
of
93.7%
of
93.7%
suicidal
93.6%
suicidal
93.6%
go
93%
burning
93%
burning
93%
burning
93%
being
92.6%
being
92.6%
being
92.6%
being
92.6%
ugly
92.4%
ugly
92.4%
ugly
92.4%
so
92.3%
cake
92.3%
so
92.3%
cake
92.3%
truth
92%
truth
92%
instead
92%
instead
92%
instead
92%
lies
91.6%
lies
91.6%
pretty
91.6%
pretty
91.6%
wasted
91.5%
wasted
91.5%
wasted
91.5%
wasted
91.5%
youth
91.2%
youth
91.2%
youth
91.2%
bottle
91%
blonde
91%
Answer
% Correct
virgin
90.5%
on
90.4%
day
90%
day
90%
day
90%
pure
89.8%
die
89.8%
come
89.7%
come
89.7%
come
89.7%
come
89.7%
blood
89.5%
blood
89.5%
chocolate
89.1%
real
89%
don't
88.8%
I'm
88.6%
I'm
88.6%
I'm
88.6%
alive
88.5%
alive
88.5%
guts
88.2%
have
88.2%
guts
88.2%
have
88.2%
away
88.1%
I've
88%
I've
88%
know
87.8%
but
87.8%
my
87.7%
my
87.7%
world
87.5%
Yeah
87.5%
Yeah
87.5%
yeah
87.5%
clean
87.3%
only
87.1%
only
87.1%
why
86.9%
gonna
86.4%
gonna
86.4%
all
86.3%
it
86.3%
can
86.1%
years
86.1%
years
86.1%
years
86.1%
angel
86%
****
85.8%
hadn't
85.7%
fake
85.4%
find
85.3%
find
85.3%
has
85%
has
85%
anyway
84.7%
died
84.6%
died
84.6%
puke
84.4%
stay
83.8%
virginity
83.8%
inside
83.7%
infinity
83.4%
make
83.3%
make
83.3%
century
82.6%
big
82%
mistake
81.9%
where
81%
where
81%
back
80.8%
oh
79.9%
until
79.4%
drink
77.5%
alone
76.8%
ache
75%
god
74.2%
wasn't
73%
such
72.6%
21st
72.5%
kiss
72.2%
conned
71.8%
own
71.6%
didn't
71.2%
didn't
71.2%
when
69.6%
narcissist
66.7%
really
66.3%
sense
61.3%
mirror
60.4%
little
60.2%
beautiful
57.3%
innocence
56.8%
fool
56.7%
loss
55.2%
adolescence
48.3%
meant
47.7%
ain't
46.6%
feeling super super super suicidal
12.4%
Quiz Playlist
Details
Report
Send in Message
Add To Playlist
Classic:
Type in answers that appear in a list
Last Updated: Feb 16, 2017
Quiz Scoreboard
CHALLENGE
Sign Up to Join the Scoreboard
Show All
Scores
Hide
Comments
May contain spoilers
Recently Published
Presidents Visiting Landmarks
by Hejman
History
7m
An Introduction to Baseball
by treessimontrees
Sports
5m
Movies - When Are They Set?
by FPL_Elf
Movies
5m
More to Explore
Quiz From the Vault
Featured Blog Post
Where Did the Easter Bunny Come From?
hide this ad
You Might Also Like...
Tags
diamond
teen
Today's Top Quizzes in Music
Browse Music
hide this ad
Today's Top Quizzes in diamond
Browse diamond
Top Contributed Quizzes in Music
1
Taylor Swift All Songs (2024)
2
Guess the Artist- 70s Songs
3
Taylor Swift Logic Puzzle
4
KPOP LOGIC QUIZ
5
One Thing in Common: Music
6
2010s Album by Cover III
7
7-to-1: Billboard Hot 100 #1 Hits of 2010s
8
Guess the Taylor Swift song (Mystery Song)
9
Sorting Albums and Songs
10
2000s Album Cover Bunker
Explore More
Trending Topics
NBA
Anime
Disney
Crossword
Harry Potter
Marvel
Kpop
Country
NFL
Puzzle
Soccer
Song
Pokémon
WWE
The Office
hide this ad
More By:
cdoo5400
Quiz
Plays
Rating
Category
Featured
Created
Teen Idle Lyrics
1,683
3.14
Music
Nov 15, 2016
Go to Creator's Profile
Score Distribution
Quiz Creator Spotlight
cdoo5400
Follow
Send a Message
Quizzes Created
-
Created Quiz Play Count
-
More By This Creator
Popular Quizzes Today
1
Find the US States - No Outlines Minefield
2
Find the Countries of Europe - No Outlines Minefield
3
The Countries of the World
4
Find the US States
5
Popular People in 1961
6
US States
7
Risky Map Clicking: Biggest States A-Z
8
Movies - When Are They Set?
More Music Quizzes
Who's That with Willie Nelson?
Curator's Pick
Trending Quizzes
Risky Map Clicking: Least Populous States A-Z
1-10 Letter G Words
1-10 Letter F Words
Risky Map Clicking: Next State Alphabetically
Risky Map Clicking: Biggest States A-Z
Recently Updated
Leaping Animals
pecheneg
Reality TV Shows (A-Z)
bhenderson79
Rickey Henderson's Hall of Fame Teammates
pecheneg
Champions League XIs: Arsenal
pecheneg
Quick Pick: Celebrities in WWE's Hall of Fame
aduchscher
A-Z Keypad Blitz II
pecheneg
Multiple Oscar Actors
pecheneg
Mystery Phrase Blitz: Oscar 'Best Actors'
pecheneg
F. Scott Fitzgerald Novels
LTH
Pick 3 Villains
ddd62291
Trending Topics
NBA
Anime
Kpop
Disney
Marvel
Harry Potter
Crossword
Song
Pokémon
NFL
WWE
Soccer
Puzzle
Country
The Office
Your Account Isn't Verified!
In order to create a playlist on Sporcle, you need to verify the email address you used during registration. Go to your
Sporcle Settings
to finish the process.
Report this User
Report this user for behavior that violates our
Community Guidelines
.
Details:
Send Report
Go to the Sporcle.com Mobile Site →
Comments